[Event "AUTO-MASTER-1850"]
[Site "http://www.queenalice.com/game.php?id=1169974"]
[Date "2013.4.10"]
[Round "1"]
[White "Zodiac"]
[Black "SloVice"]
[Result "1-0"]
[WhiteElo "1947"]
[BlackElo "2031"]

1. d4 Nf6 2. c4 e6 3. Nf3 Bb4+ 4. Nc3 c5 5. e3 Bxc3+ 6. bxc3 O-O 7. Bd3 d6 8.
Qc2 b6 9. Ng5 h6 10. Nf3 Bb7 11. e4 Qc7 12. O-O Nbd7 13. a4 d5 14. e5 Ne4 15.
Ne1 1-0

[Event "AUTO-MASTER-1850"]
[Site "http://www.queenalice.com/game.php?id=1169975"]
[Date "2013.4.10"]
[Round "1"]
[White "SloVice"]
[Black "toinhoxdz"]
[Result "0-1"]
[WhiteElo "1934"]
[BlackElo "2220"]

1. e4 e5 2. Nf3 Nf6 3. Nxe5 d6 4. Nf3 Nxe4 5. Qe2 Qe7 6. d3 Nf6 7. Bg5 Be6 8.
Nc3 Nc6 9. O-O-O h6 10. Bh4 g5 11. Bg3 g4 12. Nd2 O-O-O 13. f3 Nd5 14. Nxd5 Bxd5
15. Qxe7 Bxe7 16. fxg4 Rhg8 17. h3 h5 18. Ne4 Bxa2 19. b3 d5 20. Nf2 h4 21. Bf4
Ba3+ 22. Kd2 Nd4 23. Be5 Bb4+ 24. Kc1 Bc3 25. Bxd4 Bxd4 26. Rd2 Be3 27. Nd1
Bxd2+ 28. Kxd2 d4 29. Be2 Rd5 30. Nf2 Ra5 31. Bf3 Re8 32. Be4 Ree5 33. Bf5+ Kd8
34. Ne4 Bxb3 35. Rc1 Be6 0-1

[Event "AUTO-MASTER-1850"]
[Site "http://www.queenalice.com/game.php?id=1169976"]
[Date "2013.4.10"]
[Round "1"]
[White "toinhoxdz"]
[Black "SloVice"]
[Result "1-0"]
[WhiteElo "2070"]
[BlackElo "2012"]

1. e4 c5 2. Nf3 d6 3. Nc3 a6 4. d4 cxd4 5. Nxd4 Nf6 6. Bc4 e6 7. O-O Be7 8. Be3
Bd7 9. Bb3 O-O 10. f4 Nc6 11. f5 Nxd4 12. Bxd4 e5 13. Be3 Ng4 14. Qxg4 1-0

[Event "AUTO-MASTER-1850"]
[Site "http://www.queenalice.com/game.php?id=1169977"]
[Date "2013.4.10"]
[Round "1"]
[White "SloVice"]
[Black "lat47"]
[Result "0-1"]
[WhiteElo "1950"]
[BlackElo "1941"]

1. e4 d5 2. exd5 Qxd5 3. Nc3 Qe5+ 4. Qe2 Qxe2+ 5. Bxe2 c6 6. Nf3 f6 7. d3 e5 8.
Bd2 Bb4 9. O-O Ne7 10. Ne4 Bxd2 11. Nfxd2 O-O 12. Nb3 b6 13. d4 Bf5 14. f3 Bxe4
0-1

[Event "AUTO-MASTER-1850"]
[Site "http://www.queenalice.com/game.php?id=1169978"]
[Date "2013.4.10"]
[Round "1"]
[White "lat47"]
[Black "SloVice"]
[Result "1-0"]
[WhiteElo "1923"]
[BlackElo "1968"]

1. e4 c5 2. Nf3 d6 3. c4 g6 4. a4 Bg7 5. Ra2 Nc6 6. d3 Bg4 7. Be2 Bxf3 8. Bxf3
e6 9. O-O Qb6 10. Bd2 Nge7 11. Qc2 Nd4 12. Qd1 Nxf3+ 13. gxf3 Bxb2 14. a5 Qc7
15. Rxb2 1-0

[Event "AUTO-OPEN-2962"]
[Site "http://www.queenalice.com/game.php?id=1170054"]
[Date "2013.4.10"]
[Round "1"]
[White "SloVice"]
[Black "clovis"]
[Result "0-1"]
[WhiteElo "2000"]
[BlackElo "1980"]

1. e4 e5 2. Nf3 Nc6 3. Bb5 f5 4. Nc3 fxe4 5. Nxe4 d5 6. Nxe5 dxe4 7. Nxc6 Qd5 8.
c4 Qd6 9. Nxa7+ c6 10. Nxc8 Rxc8 11. Ba4 Nf6 12. O-O Qd4 13. Re1 Bc5 14. Qe2 O-O
15. d3 exd3 16. Qe6+ Kh8 17. Be3 d2 18. Bxd4 dxe1=Q+ 19. Rxe1 Bxd4 20. Qh3 Ng4
21. Rf1 Nxf2 22. Rxf2 Rxf2 0-1

[Event "AUTO-OPEN-2962"]
[Site "http://www.queenalice.com/game.php?id=1170055"]
[Date "2013.4.10"]
[Round "1"]
[White "clovis"]
[Black "SloVice"]
[Result "1-0"]
[WhiteElo "1997"]
[BlackElo "1983"]

1. e4 c5 2. Nf3 d6 3. d4 cxd4 4. Qxd4 Bd7 5. Bc4 Nc6 6. Qd3 e6 7. Bf4 Qc7 8. Nc3
Nf6 9. O-O-O Na5 10. Bb3 Nxb3+ 11. cxb3 e5 12. Bg5 Bc6 13. Kb1 Rd8 14. Nh4 Be7
15. Nf5 O-O 16. g4 Rfe8 17. h4 Kh8 18. h5 Nxg4 19. Nxe7 Nxf2 20. Qg3 Nxh1 21.
Rxh1 1-0

[Event "AUTO-OPEN-2962"]
[Site "http://www.queenalice.com/game.php?id=1170057"]
[Date "2013.4.10"]
[Round "1"]
[White "Severynnas"]
[Black "SloVice"]
[Result "0-1"]
[WhiteElo "1326"]
[BlackElo "2039"]

1. d4 Nf6 2. Nf3 c5 3. dxc5 Na6 4. Nc3 Nxc5 5. Be3 e6 6. Qd4 Be7 7. O-O-O d5 8.
b4 Ncd7 9. Nb5 Nb6 10. Ng5 Bd7 11. Qh4 Bxb5 12. a3 Rc8 13. c3 Rxc3+ 14. Kd2 Qc7
15. f4 Rxa3 16. Ke1 Rxe3 17. g3 Ne4 18. Nxe4 Bxh4 19. gxh4 Rxe4 20. Rg1 Qc3+ 21.
Kf2 Rxf4+ 22. Kg2 Rg4+ 23. Kf2 Rxg1 24. Kxg1 Qe3+ 25. Kg2 Bxe2 26. Rb1 Bxf1+ 27.
Rxf1 Ke7 28. h5 Rc8 29. h4 Rc2+ 30. Kh1 Qh3+ 31. Kg1 Qg2# 0-1

[Event "AUTO-OPEN-2962"]
[Site "http://www.queenalice.com/game.php?id=1170058"]
[Date "2013.4.10"]
[Round "1"]
[White "SloVice"]
[Black "Bennedyttas"]
[Result "1-0"]
[WhiteElo "2030"]
[BlackElo "1325"]

1. e4 e6 2. d4 Nf6 3. Nc3 b6 4. e5 Nd5 5. Nxd5 exd5 6. f4 Be7 7. Nf3 O-O 8. Bd3
a5 9. O-O a4 10. Ng5 f6 11. Bxh7+ Kh8 12. Qh5 fxg5 13. Bg6+ Kg8 14. Qh7# 1-0

[Event "AUTO-OPEN-2962"]
[Site "http://www.queenalice.com/game.php?id=1170059"]
[Date "2013.4.10"]
[Round "1"]
[White "Bennedyttas"]
[Black "SloVice"]
[Result "0-1"]
[WhiteElo "1296"]
[BlackElo "1998"]

1. d4 Nf6 2. e3 b6 3. Nc3 e6 4. f4 Bb7 5. h4 Bb4 6. Qe2 Ne4 7. g3 Nxc3 8. bxc3
Bxc3+ 9. Kf2 Bxa1 10. Nf3 Na6 11. Ne5 Bxh1 12. a4 Bb7 13. h5 c5 14. dxc5 Bxe5
15. cxb6 Bd6 16. bxa7 Qb6 17. g4 Bxf4 18. Kg1 Nc7 19. Kf2 Bg5 20. c4 Qxa7 21.
Ba3 Bh4+ 22. Kg1 Qxa4 23. Bc1 Qc6 24. e4 Qxe4 25. Qxe4 Bxe4 26. c5 Ra2 27. Bb5
Nxb5 28. Bf4 Ra1+ 29. Kh2 Rh1# 0-1

[Event "AUTO-MASTER-2050"]
[Site "http://www.queenalice.com/game.php?id=1264133"]
[Date "2014.3.11"]
[Round "1"]
[White "SloVice"]
[Black "shirya00007"]
[Result "0-1"]
[WhiteElo "1900"]
[BlackElo "2067"]

1. e4 d5 2. exd5 Qxd5 3. Nc3 Qa5 4. d4 c6 5. Nf3 Bg4 6. h3 Bh5 7. Bd2 Qc7 8. Bd3
e6 9. Qe2 Nf6 10. g4 Bg6 11. Ne4 Nbd7 12. a3 Bxe4 13. Bxe4 Bd6 14. Bd3 Nd5 15.
O-O-O O-O-O 0-1

[Event "AUTO-MASTER-2050"]
[Site "http://www.queenalice.com/game.php?id=1264148"]
[Date "2014.3.11"]
[Round "1"]
[White "toomchess"]
[Black "SloVice"]
[Result "1-0"]
[WhiteElo "2081"]
[BlackElo "1836"]

1. c4 Nf6 2. Nf3 e6 3. Nc3 d5 4. d4 c6 5. Bg5 Nbd7 6. e3 Be7 7. Qc2 Qc7 8. a3 e5
9. Bxf6 Bxf6 10. cxd5 cxd5 11. Rc1 Nb6 12. Nxd5 Qxc2 13. Nxf6+ gxf6 14. Rxc2 e4
15. Nd2 f5 16. Bb5+ Kd8 17. Ke2 1-0

[Event "AUTO-MASTER-2050"]
[Site "http://www.queenalice.com/game.php?id=1264149"]
[Date "2014.3.11"]
[Round "1"]
[White "SloVice"]
[Black "toomchess"]
[Result "0-1"]
[WhiteElo "1830"]
[BlackElo "2106"]

1. e4 e5 2. Nf3 Nc6 3. Bb5 Bc5 4. O-O d6 5. c3 Bg4 6. d3 Ne7 7. Be3 Bb6 8. Nbd2
O-O 9. Qc2 f5 10. Bxb6 axb6 11. h3 fxe4 12. dxe4 Bd7 13. Bc4+ Kh8 14. a3 Qe8 15.
Ba2 Ng6 16. Nc4 Nf4 17. Kh2 Nxh3 0-1

[Event "AUTO-MASTER-2050"]
[Site "http://www.queenalice.com/game.php?id=1264158"]
[Date "2014.3.11"]
[Round "1"]
[White "ratorei"]
[Black "SloVice"]
[Result "1-0"]
[WhiteElo "2148"]
[BlackElo "1825"]

1. Nf3 Nf6 2. g3 d5 3. Bg2 c6 4. d3 Bg4 5. O-O e6 6. b3 a5 7. Bb2 Nbd7 8. Nbd2
Bd6 9. c4 O-O 10. Qe1 e5 11. h3 Bxf3 12. Bxf3 d4 13. e4 Qb6 14. Qe2 a4 15. g4
Bb4 16. Rab1 Bxd2 17. Qxd2 axb3 18. axb3 Qxb3 19. Bxd4 Qa3 20. Ba1 b6 21. Bg2
1-0

[Event "AUTO-MASTER-2050"]
[Site "http://www.queenalice.com/game.php?id=1264159"]
[Date "2014.3.11"]
[Round "1"]
[White "SloVice"]
[Black "ratorei"]
[Result "0-1"]
[WhiteElo "1822"]
[BlackElo "2198"]

1. e4 e5 2. Nf3 Nc6 3. Bc4 Bc5 4. c3 Nf6 5. d3 O-O 6. O-O d5 7. exd5 Nxd5 8. Ng5
Nce7 9. Ne4 Bb6 10. Nbd2 a5 11. Nf3 Bg4 12. h3 Bh5 13. Ng3 Bxf3 14. Qxf3 Qd7 15.
Re1 c6 16. a4 Qd6 17. Ne4 Qg6 18. Bg5 Kh8 19. h4 f6 20. Be3 Nxe3 0-1

[Event "AUTO-ADV-3099"]
[Site "http://www.queenalice.com/game.php?id=1264191"]
[Date "2014.3.12"]
[Round "1"]
[White "marcomasao"]
[Black "SloVice"]
[Result "1-0"]
[WhiteElo "1765"]
[BlackElo "1891"]

1. e4 c5 2. Bc4 e6 3. Nf3 d5 4. exd5 exd5 5. Bb5+ Bd7 6. Bxd7+ Nxd7 7. d4 Ngf6
8. Bf4 Be7 9. Nc3 c4 10. Qe2 a6 11. O-O-O O-O 12. Qf1 Nb6 13. Rd2 Bb4 14. Qe2
Bxc3 15. bxc3 Na4 16. Qe3 Qb6 17. Kd1 Qb1+ 18. Ke2 Qxh1 19. Nh4 Ne4 20. Be5 Rfe8
21. Kf3 Naxc3 22. Qf4 Nxd2+ 23. Qxd2 Qd1+ 24. Qxd1 Nxd1 25. Nf5 f6 26. Bd6 Nc3
27. a3 Nb5 28. Bc5 Kf7 29. g3 1-0

[Event "AUTO-ADV-3099"]
[Site "http://www.queenalice.com/game.php?id=1264192"]
[Date "2014.3.12"]
[Round "1"]
[White "SloVice"]
[Black "marcomasao"]
[Result "0-1"]
[WhiteElo "1929"]
[BlackElo "1662"]

1. e4 e5 2. Nf3 Nc6 3. Bc4 h6 4. c3 Nf6 5. d3 Bc5 6. O-O a6 7. Be3 Ba7 8. Nbd2
Qe7 9. Bb3 d6 10. Bc2 Bd7 11. Re1 O-O-O 12. d4 Be6 13. d5 Bxd5 0-1

[Event "AUTO-ADV-3099"]
[Site "http://www.queenalice.com/game.php?id=1264207"]
[Date "2014.3.12"]
[Round "1"]
[White "Fauquinelle"]
[Black "SloVice"]
[Result "1-0"]
[WhiteElo "2065"]
[BlackElo "1910"]

1. d4 Nf6 2. c4 e6 3. g3 c5 4. Bg2 cxd4 5. Qxd4 Nc6 6. Qd1 Be7 7. Nc3 O-O 8. Nf3
d6 9. O-O Bd7 10. Qc2 Rc8 11. Bf4 Ng4 12. h4 Nb4 13. Qb3 Nc6 14. Rad1 Na5 15.
Qc2 Nxc4 16. Ng5 Bxg5 17. hxg5 d5 18. e4 e5 19. Bc1 d4 20. Qd3 f6 21. gxf6 Nxf6
22. Ne2 1-0

[Event "AUTO-ADV-3099"]
[Site "http://www.queenalice.com/game.php?id=1264208"]
[Date "2014.3.12"]
[Round "1"]
[White "SloVice"]
[Black "Fauquinelle"]
[Result "1-0"]
[WhiteElo "1902"]
[BlackElo "1995"]

1. e4 c6 2. d4 d5 3. f3 dxe4 4. fxe4 Nf6 5. Nc3 Bg4 6. Be2 Bxe2 7. Ngxe2 e6 8.
O-O c5 9. Be3 cxd4 10. Nxd4 Bb4 11. Ndb5 Qa5 12. Nd6+ Bxd6 13. Qxd6 Nc6 14. Qg3
Rg8 15. Rxf6 1-0

[Event "AUTO-ADV-3099"]
[Site "http://www.queenalice.com/game.php?id=1264219"]
[Date "2014.3.12"]
[Round "1"]
[White "SloVice"]
[Black "mouderjr"]
[Result "0-1"]
[WhiteElo "1852"]
[BlackElo "1845"]

1. e4 Nc6 2. Nf3 d6 3. d4 Bg4 4. Be2 g6 5. Be3 Bg7 6. c3 e6 7. h3 Bxf3 8. Bxf3
Nge7 9. Qd2 Qd7 10. O-O f5 11. Bh6 Bf6 12. Re1 O-O-O 13. exf5 exf5 14. Bg5 Rdf8
15. Qe3 Bxg5 16. Qxg5 d5 0-1

[Event "AUTO-ADV-3099"]
[Site "http://www.queenalice.com/game.php?id=1264220"]
[Date "2014.3.12"]
[Round "1"]
[White "mouderjr"]
[Black "SloVice"]
[Result "1-0"]
[WhiteElo "1827"]
[BlackElo "1870"]

1. e4 c5 2. Nf3 d6 3. Bb5+ Nc6 4. O-O Bd7 5. a3 Nf6 6. Re1 e5 7. Nc3 Be7 8. d3
Nd4 9. Bxd7+ Qxd7 10. Nd2 O-O 11. Nf3 b5 12. b4 Rfc8 13. Bb2 a6 14. bxc5 Rxc5
15. Nxd4 exd4 16. Nd5 Nxd5 17. exd5 1-0